000 00747nam a2200217Ia 4500
003 GCL
008 140319s9999 xx 000 0 ara d
020 _a9613401977
040 _aGCL /
_cGCL
082 0 4 _a811.082
_bا خ
100 1 _aاحمد توفيق
245 1 0 _aخجل التوت /
_cاحمد توفيق
260 _aالقاهرة :
_bالهيئة المصرية العامة للكتاب ،
_c1999
300 _a175 ص ؛
_c18 سم
490 _aكتابات جديدة
_v0
650 0 4 _aالشعر
650 0 4 _aالشعر العربى - العصر الحديث
650 0 4 _aالشعر - العصر الحديث
650 0 4 _aالشعر العربى - مصر - تاريخ ونقد - العصر الحديث
942 _2ddc
_cBK
999 _c9619
_d9619